Stone Vessels in the Levant /

Saved in:

Main Author: Sparks, Rachael Thyrza (Author)

Format: Book

Language: English

Published: Leeds, UK : Maney, 2007.

Series: Palestine Exploration Fund annual ; 8.
PEFA ; 8.

Subjects:

Tags: Add Tag

No Tags, Be the first to tag this record!

Call Number: DS111 .A1 P28 v.8

LEADER 00965namaa2200301 4500
003 OSt
005 20260505084528.0
008 130303s2007 enka b 001 0 eng d
020 |a 9781904350972 
040 |c ARCE Library 
043 |a aw----- 
050 4 |a DS111 .A1 P28 v.8 
100 1 |a Sparks, Rachael Thyrza,  |e author  |9 40343 
245 1 0 |a Stone Vessels in the Levant /  |c Rachael Thyrza Sparks. 
264 1 |a Leeds, UK :  |b Maney,  |c 2007. 
300 |a xvii, 488 pages :  |b illustrations ;  |c 29 cm. 
490 1 |a Palestine Exploration Fund annual ;   |v 8. 
490 1 |a PEFA ;   |v 8. 
504 |a Includes bibliographical references (pages [458]-478) and index. 
650 0 |a Bronze age  |z MiddleEast. 
650 0 |a Iron age  |z Middle East. 
650 0 |a Stone implements   |z Middle East. 
651 0 |a Middle East   |x Antiquities. 
830 0 |a Palestine Exploration Fund annual ;   |v 8. 
830 0 |a PEFA ;   |v 8. 
901 |a reviewed 
942 |c BK  |2 lcc 
999 |c 5980  |d 5980